| 000 | 00632nam a2200229Ia 4500 | ||
|---|---|---|---|
| 008 | 220204s9999 xx 000 0 und d | ||
| 020 | _a9781118820124 | ||
| 082 |
_a573.6+575 _bSTE |
||
| 100 | _aStewart, Neal C | ||
| 245 | 0 | _aPlant biotechnology and genetics: Principles, techniques and applications | |
| 250 | _a2 | ||
| 260 |
_aNew Jersey _bJohn Wiley _c2016 |
||
| 300 | _a406p. | ||
| 650 | _aAgricultural innovations | ||
| 650 | _aBiosafety | ||
| 650 | _aGene expression | ||
| 650 | _aGenetically modified plants | ||
| 650 | _aMarker genes | ||
| 650 | _aTissue culture | ||
| 650 | _aTransgenic plants | ||
| 942 | _cBK | ||
| 999 |
_c43202 _d43202 |
||